000 00796cab a2200265 4500
001 ABS57190
008 090401t1997 xxu||||| |||| 00| 0 eng d
035 _a(Sirsi) u98510
041 _aeng
100 _aLopatin, M.
245 _aPoint of conflict
260 _c1997
350 _a0
490 _aEstates Gazette
_v(9723) 7 June 1997, 70-73(4)
520 _aDiscusses English Heritage`s recent decision to oppose the construction of two tall buildings in the city of London. Interview with EH chairman Sir Jocelyn Stevens.
650 _aCITY OF LONDON
650 _aENGLISH HERITAGE
650 _aLONDON
650 _aMILLENNIUM TOWER
650 _aSIR NORMAN FOSTER
650 _aTALL BUILDINGS
690 _aPLANNING LAW AND PRACTICE
942 _n0
948 _c18/06/1997
999 _c59892
_d59892